Analýza spolupráce základných škôl so zákonnými zástupcami žiakov

Spolupráca školy so zákonnými zástupcami a jej vplyv na žiakov. Čo si o spolupráci myslia všetky strany (žiaci, zákonní zástupcovia, učitelia). Spokojnosť s doterajšou spoluprácou. Spôsoby a nové formy spolupráce.

Gespeichert in:
Bibliographische Detailangaben
1. Verfasser: Tóblová, Eva
Format: Buchkapitel
Sprache:Slowakisch
Schlagworte:
Tags: Tag hinzufügen
Keine Tags, Fügen Sie das erste Tag hinzu!

MARC

LEADER 00000nla a2200000 4500
001 0233488
005 20240417075122.7
041 0 |a slo 
044 |a CZ 
245 1 0 |a Analýza spolupráce základných škôl so zákonnými zástupcami žiakov  |c Eva Tóblová 
520 |a Spolupráca školy so zákonnými zástupcami a jej vplyv na žiakov. Čo si o spolupráci myslia všetky strany (žiaci, zákonní zástupcovia, učitelia). Spokojnosť s doterajšou spoluprácou. Spôsoby a nové formy spolupráce. 
610 2 0 |a školstvo 
610 2 0 |a školy 
610 2 0 |a spolupráca kultúrna 
610 2 0 |a kooperácia 
610 2 0 |a rodina 
610 2 0 |a učitelia 
610 2 0 |a žiaci 
610 2 0 |a kvalita vzdelávania 
610 2 0 |a efektívnosť vzdelávania 
100 1 |a Tóblová, Eva